[Event "FICGS W-ch st1 gN 01 email"]
[Site "FICGS email"]
[Date "2020.11.05"]
[Round "1"]
[White "Gounant, Stanislas"]
[Black "Robin, Jean"]
[Result "1/2-1/2"]
[WhiteElo "2198"]
[BlackElo "2187"]
[PlyCount "50"]
[EventDate "2020.??.??"]
[EventType "tourn (corr)"]
[EventRounds "6"]
[SourceTitle "Corr 2022"]
[Source "ChessBase"]
[SourceDate "2021.10.24"]
[SourceVersion "1"]
[SourceVersionDate "2021.10.24"]
[SourceQuality "1"]

1. b3 e5 2. Bb2 Nc6 3. e3 Nf6 4. Nf3 e4 5. Nd4 h5 6. c4 h4 7. h3 a6 8. Be2 Rh6 9. d3 Nxd4 10. Bxd4 d5 11. Nc3 Bb4 12. 0-0 Bxc3 13. Bxc3 Rg6 14. Kh2 Qd6+ 15. Kh1 Bf5 16. Bxf6 Rxf6 17. cxd5 Qxd5 18. dxe4 Bxe4 19. f3 Qxd1 20. Rfxd1 Bc6 21. Rd4 Rd8 22. Rxh4 Rd2 23. Bf1 Rfd6 24. Rc4 Kd8 25. Rcc1 Bb5 1/2-1/2

[Event "FICGS W-ch st1 gN 01 email"]
[Site "FICGS email"]
[Date "2020.11.05"]
[Round "1"]
[White "Robin, Jean"]
[Black "Aahlad, Yeturu"]
[Result "1/2-1/2"]
[WhiteElo "2187"]
[BlackElo "2220"]
[PlyCount "60"]
[EventDate "2020.??.??"]
[EventType "tourn (corr)"]
[EventRounds "6"]
[SourceTitle "Corr 2022"]
[Source "ChessBase"]
[SourceDate "2021.10.24"]
[SourceVersion "1"]
[SourceVersionDate "2021.10.24"]
[SourceQuality "1"]

1. e4 e6 2. d4 d5 3. Nc3 Nf6 4. e5 Nfd7 5. f4 c5 6. Nf3 Be7 7. a3 0-0 8. Be3 b6 9. Qd2 Nc6 10. Bb5 Bb7 11. h4 a6 12. Bxc6 Bxc6 13. Ng5 Re8 14. Qe2 Nf8 15. Nf3 Nd7 16. h5 Rc8 17. Qf2 a5 18. Qg3 cxd4 19. h6 g6 20. Nxd4 Bf8 21. Qh3 Qe7 22. 0-0 f5 23. Kh2 Nc5 24. Nb1 Bb7 25. Nd2 Ne4 26. N2f3 Ba6 27. Rg1 Qf7 28. g4 fxg4 29. Rxg4 Bc5 30. Re1 Rc7 1/2-1/2

[Event "FICGS W-ch st1 gN 01 email"]
[Site "FICGS email"]
[Date "2020.11.05"]
[Round "1"]
[White "Robin, Jean"]
[Black "Gray, Garvin"]
[Result "1/2-1/2"]
[WhiteElo "2187"]
[BlackElo "2252"]
[PlyCount "29"]
[EventDate "2020.??.??"]
[EventType "tourn (corr)"]
[EventRounds "6"]
[SourceTitle "Corr 2022"]
[Source "ChessBase"]
[SourceDate "2021.10.24"]
[SourceVersion "1"]
[SourceVersionDate "2021.10.24"]
[SourceQuality "1"]

1. e4 c5 2. Nf3 e6 3. d4 cxd4 4. Nxd4 a6 5. c4 Nf6 6. Nc3 Bb4 7. Qd3 d5 8. cxd5 exd5 9. exd5 Nxd5 10. Be2 Nxc3 11. bxc3 Nc6 12. Qe3+ Be7 13. Nxc6 bxc6 14. Qe4 0-0 15. 0-0 1/2-1/2

[Event "FICGS W-ch st1 gN 01 email"]
[Site "FICGS email"]
[Date "2020.11.05"]
[Round "1"]
[White "Van Dijk, Erik"]
[Black "Robin, Jean"]
[Result "1/2-1/2"]
[WhiteElo "2169"]
[BlackElo "2187"]
[PlyCount "32"]
[EventDate "2020.??.??"]
[EventType "tourn (corr)"]
[EventRounds "6"]
[SourceTitle "Corr 2022"]
[Source "ChessBase"]
[SourceDate "2021.10.24"]
[SourceVersion "1"]
[SourceVersionDate "2021.10.24"]
[SourceQuality "1"]

1. d4 Nf6 2. c4 e6 3. Nc3 Bb4 4. Qc2 0-0 5. a3 Bxc3+ 6. Qxc3 b6 7. Bg5 Bb7 8. e3 h6 9. Bh4 d5 10. f3 c5 11. cxd5 Qxd5 12. Bxf6 gxf6 13. dxc5 Qxc5 14. Qxc5 bxc5 15. Ne2 Nc6 16. Nc3 Na5 1/2-1/2

[Event "FICGS rapid M 000118 email"]
[Site "FICGS email"]
[Date "2020.09.05"]
[Round "1"]
[White "Mirra, Theodore"]
[Black "Robin, Jean"]
[Result "1/2-1/2"]
[WhiteElo "2104"]
[BlackElo "2194"]
[PlyCount "69"]
[EventDate "2020.??.??"]
[EventType "tourn (rapid)"]
[EventRounds "6"]
[SourceTitle "Corr 2022"]
[Source "ChessBase"]
[SourceDate "2021.10.24"]
[SourceVersion "1"]
[SourceVersionDate "2021.10.24"]
[SourceQuality "1"]

1. e4 e5 2. Nf3 Nc6 3. Bb5 a6 4. Ba4 Nf6 5. 0-0 Be7 6. Re1 b5 7. Bb3 0-0 8. h3 d6 9. c3 Bb7 10. d4 Re8 11. Nbd2 Bf8 12. a3 h6 13. Bc2 Nb8 14. b3 Nbd7 15. Bb2 c6 16. Bd3 Nh5 17. Bf1 Nf4 18. Qc2 Rc8 19. g3 Ne6 20. h4 a5 21. Bh3 Qb6 22. c4 Red8 23. Qd3 Ra8 24. cxb5 Qxb5 25. Qc4 Nxd4 26. Nxd4 exd4 27. Bxd4 Qh5 28. Rac1 c5 29. Ba1 Ne5 30. Qc2 d5 31. exd5 Rxd5 32. Bxe5 Rxe5 33. Bg2 Bxg2 34. Kxg2 a4 35. bxa4 1/2-1/2

[Event "FICGS rapid M 000118 email"]
[Site "FICGS email"]
[Date "2020.09.05"]
[Round "1"]
[White "Robin, Jean"]
[Black "Michaud, Francois"]
[Result "1/2-1/2"]
[WhiteElo "2194"]
[BlackElo "2104"]
[PlyCount "52"]
[EventDate "2020.??.??"]
[EventType "tourn (rapid)"]
[EventRounds "6"]
[SourceTitle "Corr 2022"]
[Source "ChessBase"]
[SourceDate "2021.10.24"]
[SourceVersion "1"]
[SourceVersionDate "2021.10.24"]
[SourceQuality "1"]

1. e4 e5 2. Nf3 Nc6 3. Bb5 Nf6 4. 0-0 Nxe4 5. Re1 Nd6 6. Nxe5 Be7 7. Bf1 Nxe5 8. Rxe5 0-0 9. Nc3 Bf6 10. Re1 Re8 11. Nd5 Rxe1 12. Qxe1 b6 13. Nxf6+ Qxf6 14. Qe3 Bb7 15. d3 c5 16. Qf4 Nf5 17. Rb1 h6 18. Bd2 Re8 19. h3 Bc6 20. c3 Kh7 21. b4 g5 22. Qg4 Kg6 23. Qd1 cxb4 24. Rxb4 d5 25. Qc1 d4 26. a4 Re6 1/2-1/2

[Event "FICGS W-ch st2 g01 email"]
[Site "FICGS email"]
[Date "2020.03.02"]
[Round "1"]
[White "Robin, Jean"]
[Black "Schmidt, Jonny"]
[Result "1/2-1/2"]
[WhiteElo "2158"]
[BlackElo "2231"]
[PlyCount "64"]
[EventDate "2020.??.??"]
[EventType "tourn (corr)"]
[EventRounds "8"]
[SourceTitle "Corr 2022"]
[Source "ChessBase"]
[SourceDate "2021.10.24"]
[SourceVersion "1"]
[SourceVersionDate "2021.10.24"]
[SourceQuality "1"]

1. d4 d5 2. c4 e6 3. Nf3 Nf6 4. g3 dxc4 5. Bg2 Nc6 6. Qa4 Bb4+ 7. Bd2 Nd5 8. Qc2 Nb6 9. Bxb4 Nxb4 10. Qc3 N4d5 11. Qa5 Bd7 12. 0-0 0-0 13. Na3 Bc6 14. Ne5 Ne7 15. Nxc6 Nxc6 16. Bxc6 bxc6 17. Qc3 Rb8 18. Rab1 Qd5 19. Rfc1 Rfd8 20. Nxc4 Nxc4 21. Qxc4 Qxd4 22. Qxc6 Rxb2 23. e3 Qb6 24. Rxb2 Qxb2 25. Qxc7 Qd2 26. Rb1 a5 27. a4 h6 28. h3 Rd7 29. Qc4 g5 30. Kg2 Qd5+ 31. Qxd5 Rxd5 32. g4 Kg7 1/2-1/2

[Event "FICGS W-ch st2 g01 email"]
[Site "FICGS email"]
[Date "2020.03.02"]
[Round "1"]
[White "Robin, Jean"]
[Black "Slawomir, Weglicki"]
[Result "1/2-1/2"]
[WhiteElo "2158"]
[BlackElo "2109"]
[PlyCount "61"]
[EventDate "2020.??.??"]
[EventType "tourn (corr)"]
[EventRounds "8"]
[SourceTitle "Corr 2022"]
[Source "ChessBase"]
[SourceDate "2021.10.24"]
[SourceVersion "1"]
[SourceVersionDate "2021.10.24"]
[SourceQuality "1"]

1. d4 Nf6 2. c4 e6 3. Nf3 b6 4. g3 Ba6 5. b3 Bb4+ 6. Bd2 Bxd2+ 7. Qxd2 c6 8. Qb2 d5 9. Nbd2 Qe7 10. Bg2 0-0 11. Ne5 Bb7 12. 0-0 Na6 13. a3 c5 14. dxc5 Nxc5 15. b4 Ncd7 16. Nd3 Rfc8 17. Rfc1 h6 18. h3 Rd8 19. b5 Rac8 20. cxd5 Bxd5 21. a4 Bxg2 22. Kxg2 Qd6 23. Rd1 Qb8 24. Nb4 Qe5 25. Nc4 Qxb2 26. Nxb2 Nc5 27. Rdc1 Nb3 28. Rxc8 Rxc8 29. Nc6 Rc7 30. Rd1 Nd5 31. e4 1/2-1/2

[Event "FICGS W-ch st1 gN 01 email"]
[Site "FICGS email"]
[Date "2020.03.01"]
[Round "1"]
[White "Cesbron, Guy"]
[Black "Robin, Jean"]
[Result "1/2-1/2"]
[WhiteElo "2163"]
[BlackElo "2135"]
[PlyCount "46"]
[EventDate "2020.??.??"]
[EventType "tourn (corr)"]
[EventRounds "6"]
[SourceTitle "Corr 2022"]
[Source "ChessBase"]
[SourceDate "2021.10.24"]
[SourceVersion "1"]
[SourceVersionDate "2021.10.24"]
[SourceQuality "1"]

1. e4 c5 2. Nf3 d6 3. Bb5+ Bd7 4. Bxd7+ Qxd7 5. c4 Nc6 6. d4 e5 7. dxe5 dxe5 8. Qxd7+ Kxd7 9. Nc3 Bd6 10. Be3 Nd4 11. 0-0-0 Ne7 12. Ne1 Nec6 13. Nd3 b6 14. b3 a6 15. Nd5 Rab8 16. Kd2 f6 17. f3 b5 18. Rc1 b4 19. Rhf1 a5 20. Nb2 h5 21. h4 Rhf8 22. Na4 Ne6 23. Rcd1 Ncd4 1/2-1/2

[Event "FICGS W-ch st1 gN 01 email"]
[Site "FICGS email"]
[Date "2020.03.01"]
[Round "1"]
[White "Robin, Jean"]
[Black "Pineda, Ulises"]
[Result "1/2-1/2"]
[WhiteElo "2135"]
[BlackElo "2211"]
[PlyCount "60"]
[EventDate "2020.??.??"]
[EventType "tourn (corr)"]
[EventRounds "6"]
[SourceTitle "Corr 2022"]
[Source "ChessBase"]
[SourceDate "2021.10.24"]
[SourceVersion "1"]
[SourceVersionDate "2021.10.24"]
[SourceQuality "1"]

1. d4 e6 2. Nf3 c5 3. e4 cxd4 4. Nxd4 Nf6 5. Nc3 Nc6 6. Nxc6 bxc6 7. e5 Nd5 8. Ne4 Qc7 9. f4 Qb6 10. c4 Ne3 11. Qd3 Nf5 12. g4 Nd4 13. b3 c5 14. Bg2 Bb7 15. Be3 h5 16. g5 Nf5 17. 0-0 Rd8 18. Rae1 h4 19. Bh3 Qc6 20. Bf2 Be7 21. Bg2 Qb6 22. Re2 a5 23. Nd6+ Bxd6 24. Bxb7 Qxb7 25. exd6 0-0 26. Bxc5 Rc8 27. Bf2 a4 28. Rb1 axb3 29. axb3 Qb4 30. Re4 Qb7 1/2-1/2

[Event "FICGS rapid A 000246 email"]
[Site "FICGS email"]
[Date "2019.09.19"]
[Round "1"]
[White "Laskowski, Filip"]
[Black "Robin, Jean"]
[Result "0-1"]
[WhiteElo "2028"]
[BlackElo "2020"]
[PlyCount "46"]
[EventDate "2019.??.??"]
[EventType "tourn (rapid)"]
[EventRounds "6"]
[SourceTitle "Corr 2022"]
[Source "ChessBase"]
[SourceDate "2021.10.24"]
[SourceVersion "1"]
[SourceVersionDate "2021.10.24"]
[SourceQuality "1"]

1. e4 e5 2. Nf3 Nc6 3. Bb5 a6 4. Ba4 Nf6 5. 0-0 Be7 6. Re1 b5 7. Bb3 0-0 8. c3 d6 9. h3 Na5 10. Bc2 c5 11. d4 Qc7 12. d5 Bd7 13. b3 g6 14. Bh6 Rfe8 15. Nbd2 Nh5 16. Nf1 Bf8 17. Qd2 Nb7 18. Bxf8 Rxf8 19. c4 f6 20. Ne3 b4 21. Kh2 a5 22. a3 Kh8 23. Ra2 Rab8 0-1

[Event "FICGS rapid A 000246 email"]
[Site "FICGS email"]
[Date "2019.09.19"]
[Round "1"]
[White "Robin, Jean"]
[Black "Rossi, Marzio"]
[Result "1/2-1/2"]
[WhiteElo "2020"]
[BlackElo "2003"]
[PlyCount "78"]
[EventDate "2019.??.??"]
[EventType "tourn (rapid)"]
[EventRounds "6"]
[SourceTitle "Corr 2022"]
[Source "ChessBase"]
[SourceDate "2021.10.24"]
[SourceVersion "1"]
[SourceVersionDate "2021.10.24"]
[SourceQuality "1"]

1. e4 c5 2. Nf3 Nc6 3. d4 cxd4 4. Nxd4 Nf6 5. Nc3 e5 6. Ndb5 d6 7. Bg5 a6 8. Na3 b5 9. Bxf6 gxf6 10. Nd5 Bg7 11. c3 f5 12. Bd3 Be6 13. Qh5 0-0 14. 0-0 f4 15. Nc2 f5 16. Kh1 Bxd5 17. exd5 Ne7 18. Nb4 Qc7 19. Bc2 Kh8 20. Rad1 Rf6 21. Qe2 a5 22. Nc6 Nxc6 23. dxc6 Qxc6 24. f3 Rff8 25. Qd3 Rad8 26. Bb3 Rde8 27. Bd5 Qc5 28. Rfe1 Bf6 29. b4 e4 30. fxe4 Qxc3 31. bxa5 Qxd3 32. Rxd3 fxe4 33. Rdd1 e3 34. Re2 Bd8 35. a6 Bb6 36. Bf3 Bc5 37. Kg1 Kg7 38. Rb1 b4 39. Kf1 Kf6 1/2-1/2

[Event "FICGS rapid A 000245 email"]
[Site "FICGS email"]
[Date "2019.08.30"]
[Round "1"]
[White "Domingo Gadea, Jordi"]
[Black "Robin, Jean"]
[Result "0-1"]
[WhiteElo "1959"]
[BlackElo "2024"]
[PlyCount "52"]
[EventDate "2019.??.??"]
[EventType "tourn (rapid)"]
[EventRounds "6"]
[SourceTitle "Corr 2022"]
[Source "ChessBase"]
[SourceDate "2021.10.24"]
[SourceVersion "1"]
[SourceVersionDate "2021.10.24"]
[SourceQuality "1"]

1. e4 e5 2. Nf3 Nc6 3. Bc4 Bc5 4. c3 Nf6 5. d4 exd4 6. cxd4 Bb4+ 7. Bd2 Nxe4 8. Bxb4 Nxb4 9. Bxf7+ Kxf7 10. Qb3+ Ke8 11. Qxb4 Qe7 12. Qxe7+ Kxe7 13. 0-0 Nf6 14. Re1+ Kd8 15. Nc3 d6 16. Ng5 Rf8 17. Re3 h6 18. Nge4 Ng8 19. Rae1 Bd7 20. f3 Rf7 21. Ng3 b5 22. Nd5 Bc6 23. Nb4 Bb7 24. Nd3 a5 25. a3 Kd7 26. Ne4 Bd5 0-1

[Event "FICGS W-ch st1 g11 email"]
[Site "FICGS email"]
[Date "2009.02.03"]
[Round "1"]
[White "Fernando, Suranga"]
[Black "Robin, Jean"]
[Result "0-1"]
[WhiteElo "1829"]
[BlackElo "1800"]
[PlyCount "44"]
[EventDate "2009.??.??"]
[EventType "tourn (corr)"]
[EventRounds "8"]
[SourceTitle "Corr 2022"]
[Source "ChessBase"]
[SourceDate "2021.10.24"]
[SourceVersion "1"]
[SourceVersionDate "2021.10.24"]
[SourceQuality "1"]

1. e4 d6 2. d4 Nf6 3. Nc3 g6 4. f4 Bg7 5. Nf3 0-0 6. Bd3 Nc6 7. e5 dxe5 8. fxe5 Nd5 9. Nxd5 Qxd5 10. c3 f6 11. Qe2 Be6 12. c4 Qd7 13. d5 Nb4 14. Bb1 Bg4 15. e6 Qd6 16. a3 Na6 17. 0-0 c6 18. Ba2 f5 19. Be3 Nc5 20. Rac1 a5 21. Rfe1 Bxf3 22. gxf3 f4 0-1

[Event "FICGS rapid B 000113 email"]
[Site "FICGS email"]
[Date "2009.01.15"]
[Round "1"]
[White "Lois, Spyros"]
[Black "Robin, Jean"]
[Result "0-1"]
[WhiteElo "1765"]
[BlackElo "1800"]
[PlyCount "130"]
[EventDate "2009.??.??"]
[EventType "tourn (rapid)"]
[EventRounds "6"]
[SourceTitle "Corr 2022"]
[Source "ChessBase"]
[SourceDate "2021.10.24"]
[SourceVersion "1"]
[SourceVersionDate "2021.10.24"]
[SourceQuality "1"]

1. e4 d6 2. d4 Nf6 3. Nc3 g6 4. f4 Bg7 5. Nf3 0-0 6. Bc4 c6 7. 0-0 b5 8. Bb3 b4 9. e5 bxc3 10. exf6 cxb2 11. Bxb2 Bxf6 12. Rb1 Nd7 13. Ng5 d5 14. Qd2 Qc7 15. Nf3 a5 16. a4 Bg7 17. Ne5 Nxe5 18. fxe5 Bf5 19. Ba3 f6 20. exf6 Rxf6 21. Rbe1 e6 22. Bc5 Be4 23. Rxf6 Bxf6 24. Bc4 Kg7 25. Bd3 Bxd3 26. Qxd3 Re8 27. Qa6 e5 28. Bb6 Qb8 29. Qxa5 exd4 30. Rxe8 Qxe8 31. Qd2 c5 32. Bxc5 Qxa4 33. Kf2 Qc4 34. Bd6 Qc8 35. Qd3 Qe6 36. Bc5 Qe4 37. Qe2 Be5 38. g3 h5 39. Be7 Bf6 40. Bxf6+ Kxf6 41. Qd1 Qe3+ 42. Kg2 Ke5 43. h4 Ke4 44. Kh2 d3 45. Qh1+ Qf3 46. cxd3+ Ke3 47. Qa1 Qf2+ 48. Kh3 Qf5+ 49. Kh2 Qxd3 50. Qe5+ Kf3 51. Qf4+ Ke2 52. Qe5+ Kd2 53. Qb2+ Ke1 54. Qa1+ Qd1 55. Qa8 d4 56. Qh1+ Kd2 57. Qc6 Qc2 58. Qf6 Ke3+ 59. Kg1 Qf5 60. Qe7+ Kf3 61. Qa3+ d3 62. Qb2 Kxg3 63. Qg2+ Kxh4 64. Qh2+ Qh3 65. Qf4+ Qg4+ 0-1

[Event "FICGS class C 000067 email"]
[Site "FICGS email"]
[Date "2009.01.07"]
[Round "1"]
[White "Robin, Jean"]
[Black "Soszynski, Marek J"]
[Result "1/2-1/2"]
[WhiteElo "1800"]
[BlackElo "1921"]
[PlyCount "115"]
[EventDate "2009.??.??"]
[EventType "tourn (corr)"]
[EventRounds "1"]
[SourceTitle "Corr 2022"]
[Source "ChessBase"]
[SourceDate "2021.10.24"]
[SourceVersion "1"]
[SourceVersionDate "2021.10.24"]
[SourceQuality "1"]

1. e4 e5 2. Nf3 Nc6 3. Bb5 Nf6 4. 0-0 Nxe4 5. d4 Nd6 6. Bxc6 dxc6 7. dxe5 Nf5 8. Qxd8+ Kxd8 9. Nc3 Ke8 10. Rd1 Be6 11. Ng5 Bc4 12. b3 Be6 13. Nce4 Be7 14. Nxe6 fxe6 15. Bf4 Rf8 16. Rd2 h6 17. Rad1 g5 18. Bg3 b6 19. Rd7 Rd8 20. Rxd8+ Bxd8 21. h3 Be7 22. Bh2 a6 23. g4 Nh4 24. Bg3 Ng6 25. Kg2 Rf7 26. a4 Nf8 27. f3 Nd7 28. Kf2 b5 29. axb5 axb5 30. Ke2 Rf8 31. Rf1 Kf7 32. Ra1 Nc5 33. Ra7 Nxe4 34. fxe4 Rc8 35. Ra6 Bb4 36. Be1 Bxe1 37. Kxe1 Ke7 38. Rxc6 Kd7 39. Rc3 h5 40. Rf3 hxg4 41. hxg4 Rh8 42. Rf7+ Kc6 43. Rg7 Kc5 44. c3 Rh1+ 45. Kf2 Rh2+ 46. Kg3 Rb2 47. Rxc7+ Kb6 48. Re7 Rxb3 49. Rxe6+ Kc5 50. Kf2 Rxc3 51. Rd6 Rc2+ 52. Ke3 Rc3+ 53. Kd2 Ra3 54. Rd5+ Kc4 55. e6 Ra2+ 56. Ke3 Ra3+ 57. Ke2 Ra2+ 58. Ke3 1/2-1/2

[Event "FICGS class C 000067 email"]
[Site "FICGS email"]
[Date "2009.01.07"]
[Round "1"]
[White "Robin, Jean"]
[Black "Svensson, Leif"]
[Result "1/2-1/2"]
[WhiteElo "1800"]
[BlackElo "1800"]
[PlyCount "49"]
[EventDate "2009.??.??"]
[EventType "tourn (corr)"]
[EventRounds "1"]
[SourceTitle "Corr 2022"]
[Source "ChessBase"]
[SourceDate "2021.10.24"]
[SourceVersion "1"]
[SourceVersionDate "2021.10.24"]
[SourceQuality "1"]

1. e4 Nf6 2. e5 Nd5 3. d4 d6 4. Nf3 dxe5 5. Nxe5 c6 6. Be2 Bf5 7. 0-0 Nd7 8. c4 Nb4 9. Nd3 e5 10. d5 Bxd3 11. Bxd3 cxd5 12. cxd5 Nxd3 13. Qxd3 Bd6 14. Nc3 0-0 15. Nb5 Bc5 16. Nc3 Bd6 17. Be3 f5 18. Nb5 e4 19. Qb3 Ne5 20. Nxd6 Qxd6 21. Bf4 Rad8 22. Rfd1 Rfe8 23. Rd4 a6 24. h4 Kf8 25. Rc1 1/2-1/2